000 00984cab a2200289 4500
001 ABS55514
008 090401t1996 xxu||||| |||| 00| 0 eng d
035 _a(Sirsi) u17069
041 _aeng
100 _aBrown, G.
245 2 _aA real-time property index
260 _c1996
350 _a0
490 _aEstates Gazette
_v(9628) 13 July 1996, 128-130(3)
520 _aDiscusses the need for a `real-time commercial property index` for the long-term success of the property derivatives market. Considers how volatile the market is, the shortfalls of current indices, and how a real-time index might be constructed.
650 _aCAPITAL VALUES
650 _aDERIVATIVES
650 _aIPD MONTHLY INDEX
650 _aPROPERTY DERIVATIVES MARKET
650 _aPROPERTY INDICES
650 _aPROPERTY PORTFOLIOS
650 _aREAL-TIME INDEX
690 _aPROPERTY-PROPERTY FINANCE AND INVESTMENT
700 _aMatysiak, G.
942 _n0
948 _c04/03/1997
999 _c11312
_d11312